000 00821nam a2200241 4500
001 27076
005 20230410105440.0
008 060907n1997 dr spa
020 _a8476323417
035 _9funglode27280
041 _aES
050 1 4 _aHC 125 L925p 1997
100 _aLozano Ibañez, Javier
245 1 3 _aEl problema de la credibilidad en la aplicación de la política económica /
_cJavier Lozano Ibañez, Dolores Tirado Bennasar
260 _aPalmas (Balears) :
_bUniversitat de les Illes Balears,
_c1997
300 _a81 p.
440 _aMaterials Didactics ;
_v45
650 4 _aAmérica Latina -- Política económica
650 4 _aPolítica monetaria -- América Latina
650 4 _aPolítica fiscal -- América Latina
700 _aTirado Bennasar, Dolores
942 _2lcc
_cbk
999 _c36945
_d36945